| 000 | 00410nam a2200157Ia 4500 | ||
|---|---|---|---|
| 008 | 240729s9999 xx 000 0 und d | ||
| 022 | _a2397-3269 | ||
| 245 | 0 | _aBMJ Open Ophthalmology | |
| 260 | _aUnited Kingdom | ||
| 260 | _bBMJ Publishing Group | ||
| 650 | _a Ophthalmology | ||
| 650 | _aMedicine | ||
| 856 | _uhttps://doaj.org/toc/a877c3fafde4442a9b37228caae92c50 | ||
| 942 | _2ddc | ||
| 942 | _cDOAJEJ | ||
| 999 |
_c67177 _d67177 |
||
| 945 |
_a1 _bMadushi Gamage _c1 _dMadushi Gamage |
||